| 000 | 01039cam a2200277 4500 | ||
|---|---|---|---|
| 001 | L123427 | ||
| 008 | 030901n2003 000 0 eng u | ||
| 020 | _a0750647388 | ||
| 035 | _a(Sirsi) u123427 | ||
| 041 | _aeng | ||
| 050 |
_a692.5 _c18 |
||
| 110 | _aV B Johnson and Partners | ||
| 245 |
_aLaxton's building price book _bmajor and small works 2004 |
||
| 250 | _a176th ed. | ||
| 260 |
_aOxford _bLaxton _c2003 |
||
| 300 |
_aVarious pagings _c30cm. |
||
| 350 | _a105 | ||
| 520 | _aThe latest edition of this standard building price book is divided into six main sections: introduction and preliminaries; major works; small works; alterations, repairs and maintenance works; general information; brands and trade names and company information. | ||
| 520 | _aAccompanied by a CD-ROM (L145173) which is not available to loan | ||
| 650 | _aMAJOR WORKS | ||
| 650 | _aSMALL WORKS | ||
| 650 | _aBUILDING PRICE BOOKS | ||
| 650 | _aBUILT ENVIRONMENT-BUILDING COSTS | ||
| 690 | _aBUILT ENVIRONMENT-BUILDING COSTS | ||
| 942 | _n0 | ||
| 999 |
_c103036 _d103036 |
||